Obálka Náhled e-knihy:
PDF Epub
Pro půjčování e-knih musíte být přihlášeni.
Jak si půjčit online?

Rovnováha /

Nepříliš úspěšná spisovatelka Linda se odstěhuje se svým mužem Davidem a fenkou Jessie na samotu do krásných hor Šumavy. Linda zrovna píše román a pro inspiraci si zajedou k nedalekému jezeru, kde se díky Jessie, seznámí s dvěma mladými lidmi.Od té chvíle Linda píše, jako o závod. Brzy potkávají mla...

Celý popis

Uloženo v:
Hlavní autor: Reindl, Jane (Autor)
Médium: E-kniha
Jazyk:Czech
Vydáno: Praha : E-knihy jedou, 2018
Tagy:
Žádné tagy
LEADER 01475nam a22002297i 4500
001 310917
007 ta
008 260601s2018 xr ||||| |||| 00| 0 cze d
020 |a 9990001789183 
044 |a xr 
100 1 |a  Reindl, Jane  |4 aut 
245 1 0 |a Rovnováha /  |c  Reindl, Jane 
264 1 |a Praha :  |b E-knihy jedou,  |c 2018 
300 |a 1 online zdroj (244 stran) 
336 |a text  |b txt  |2 rdacontent 
337 |a bez média  |b n  |2 rdamedia 
338 |a online zdroj  |b cr  |2 rdacarrier 
520 2 |a Nepříliš úspěšná spisovatelka Linda se odstěhuje se svým mužem Davidem a fenkou Jessie na samotu do krásných hor Šumavy. Linda zrovna píše román a pro inspiraci si zajedou k nedalekému jezeru, kde se díky Jessie, seznámí s dvěma mladými lidmi.Od té chvíle Linda píše, jako o závod. Brzy potkávají mladou dvojici znovu. Je to jen náhoda? Co obklopuje ony mladé lidi za tajemství? A co čeká Lindu, Davida a jejich fenku, když jim zkříží cestu tajemné bytosti, o kterých si mysleli, že jsou jen mýtus? 
910 |a RBIT002 
998 |d 178918  |a https://core.palmknihy.cz/api/books/178918/cover?pcfojy  |b https://core.palmknihy.cz/api/books/178918/cover/400?pcfojy  |c https://core.palmknihy.cz/api/books/178918/cover/50?pcfojy  |e   |g 244  |i 9990001789183  |j https://core.palmknihy.cz/api/books/178918/preview.epub  |k https://core.palmknihy.cz/api/books/178918/preview.pdf  |l   |q 49  |r 1  |s https://www.palmknihy.cz/kniha/178918  |t ebook  |y 2018  |z 1 
999 |d 310915